[Event "5. Nord-West-Cup"]
[Site "?"]
[Date "2003.??.??"]
[Round "6"]
[White "Paust, Wolf-Dieter"]
[Black "Wiege, Andre"]
[Result "0-1"]
[WhiteElo "2107"]
[BlackElo "1977"]
[PlyCount "78"]

1. e4 e5 2. Nf3 d6 3. d4 Nd7 4. Nc3 c6 5. a4 Ngf6 6. Bc4 Be7 7. O-O O-O 8. Re1
Qc7 9. Bg5 Re8 10. Bh4 Nb6 11. Bb3 Bg4 12. dxe5 dxe5 13. a5 Nbd7 14. h3 Bh5 15.
g4 Bg6 16. Bg3 Bb4 17. Nxe5 Nxe5 18. Ra4 Bxa5 19. f4 Nexg4 20. hxg4 Bxc3 21.
bxc3 Nxe4 22. Qf3 Nxg3 23. Qxg3 b5 24. Raa1 Be4 25. Rad1 a5 26. Rd4 Bg6 27.
Red1 a4 28. Ba2 Bxc2 29. R1d2 Bb3 30. Bb1 Qe7 31. Be4 c5 32. Bxa8 cxd4 33. Bc6
Rc8 34. Bxb5 dxc3 35. Re2 Qc5+ 36. Qe3 Qxb5 37. Rh2 Qc5 38. Qxc5 Rxc5 39. Re2
Rc8 0-1

[Event "5. Nord-West-Cup"]
[Site "?"]
[Date "2003.??.??"]
[Round "6"]
[White "Jordan, Jürgen"]
[Black "Becker, Markus"]
[Result "1/2-1/2"]
[WhiteElo "2094"]
[BlackElo "1889"]
[PlyCount "55"]

1. e4 c5 2. Nc3 Nc6 3. Bb5 a6 4. Bxc6 bxc6 5. f4 d5 6. d3 e6 7. Nf3 Qb6 8. O-O
c4+ 9. d4 Nf6 10. e5 Nd7 11. Kh1 Be7 12. Ne2 c5 13. f5 exf5 14. Nf4 Bb7 15.
dxc5 Qxc5 16. e6 Nf6 17. exf7+ Kxf7 18. Ng5+ Kg8 19. Nfe6 Qb6 20. Nd4 Ne4 21.
Rxf5 Bxg5 22. Bxg5 Bc8 23. Be3 Bxf5 24. Nxf5 Qe6 25. Qg4 Qf6 26. Rf1 h5 27. Qh3
Re8 28. Qf3 1/2-1/2

[Event "5. Nord-West-Cup"]
[Site "?"]
[Date "2003.??.??"]
[Round "6"]
[White "Gudat, Alfons"]
[Black "Drezewski, Alexander"]
[Result "1-0"]
[WhiteElo "2063"]
[BlackElo "1755"]
[PlyCount "81"]

1. Nf3 d5 2. d4 Nf6 3. c4 c6 4. Nc3 g6 5. e3 Bg7 6. Bd3 O-O 7. O-O Bg4 8. h3
Bxf3 9. Qxf3 e6 10. b3 Nbd7 11. cxd5 cxd5 12. Bb2 a6 13. Rac1 Rc8 14. e4 dxe4
15. Nxe4 Qb6 16. Nc5 Rc6 17. Na4 Qc7 18. Rxc6 bxc6 19. Bxa6 Ra8 20. Bb5 Nd5 21.
Rc1 Nb8 22. Bc4 Nb6 23. Nxb6 Qxb6 24. a4 Bxd4 25. Bxd4 Qxd4 26. Rd1 Qe5 27. Qd3
Ra7 28. Qd6 Qxd6 29. Rxd6 Kg7 30. Rd8 Nd7 31. Rc8 Ne5 32. Bf1 g5 33. g3 Nf3+
34. Kg2 Nd4 35. Bc4 h6 36. Kf1 Rb7 37. a5 Nxb3 38. a6 Rb6 39. Bxb3 Rxb3 40. a7
Rb1+ 41. Kg2 1-0

[Event "5. Nord-West-Cup"]
[Site "?"]
[Date "2003.??.??"]
[Round "6"]
[White "Vasiljevic, Dragan"]
[Black "Meyer, Thorsten"]
[Result "1-0"]
[WhiteElo "2361"]
[BlackElo "1978"]
[PlyCount "64"]

1. d4 d6 2. Nf3 g6 3. c4 Bg7 4. Nc3 Nf6 5. e4 O-O 6. Be2 Bd7 7. h3 c6 8. Be3
Na6 9. Nd2 Nc7 10. O-O b5 11. cxb5 Nxb5 12. Nxb5 cxb5 13. Qb3 a6 14. f4 Rc8 15.
Bf3 Ne8 16. Rac1 Rxc1 17. Rxc1 Qb8 18. e5 dxe5 19. dxe5 Nc7 20. Bc5 Re8 21. Qe3
Na8 22. Ba7 Qd8 23. Nb3 Be6 24. Nd4 Bd5 25. Nc6 Qd7 26. Qd4 e6 27. Nb4 a5 28.
Bxd5 axb4 29. Bc6 Qc7 30. Qd7 Rc8 31. Qxc7 Rxc7 32. Be3 Bf8 1-0

[Event "5. Nord-West-Cup"]
[Site "?"]
[Date "2003.??.??"]
[Round "6"]
[White "Lundin, Jan"]
[Black "Wichmann, Ralph"]
[Result "1-0"]
[WhiteElo "2220"]
[BlackElo "1928"]
[PlyCount "69"]

1. d4 Nf6 2. c4 g6 3. Nc3 Bg7 4. e4 d6 5. Nf3 O-O 6. Be2 e5 7. O-O Nc6 8. d5
Ne7 9. b4 Ne8 10. c5 f5 11. Ng5 h6 12. Ne6 Bxe6 13. dxe6 c6 14. cxd6 Nxd6 15.
Qb3 Nxe4 16. Nxe4 fxe4 17. Rd1 Nd5 18. Bc4 Qf6 19. Be3 Rfe8 20. Bxd5 cxd5 21.
Qxd5 Qxe6 22. Qxb7 Reb8 23. Qxe4 Qf5 24. Qd5+ Qf7 25. b5 Qxd5 26. Rxd5 Rb7 27.
Rc1 Rab8 28. a4 Kf7 29. Rc6 g5 30. h3 Ke7 31. Rg6 Kf7 32. Ra6 Rc8 33. Rxa7 Rxa7
34. Bxa7 Ra8 35. Rd7+ 1-0

[Event "5. Nord-West-Cup"]
[Site "?"]
[Date "2003.??.??"]
[Round "6"]
[White "Kharchenko, Denis"]
[Black "Mader, Sascha"]
[Result "1-0"]
[WhiteElo "2206"]
[BlackElo "1907"]
[PlyCount "81"]

1. d4 e6 2. c4 Nf6 3. Nc3 b6 4. e4 Bb4 5. f3 c5 6. a3 Bxc3+ 7. bxc3 Nxe4 8.
fxe4 Qh4+ 9. Kd2 cxd4 10. cxd4 Qxe4 11. Nf3 Nc6 12. Qe1 Qf5 13. Bd3 Qa5+ 14.
Ke3 Ba6 15. Bd2 Qa4 16. Qd1 Qxd1 17. Rhxd1 d6 18. Bc3 Rc8 19. Rac1 O-O 20. Ng5
h6 21. Ne4 Rfd8 22. Bb4 Nxb4 23. axb4 f5 24. Nd2 Bb7 25. Rg1 Rc7 26. Nb3 g5 27.
g3 Kf7 28. Rgf1 Kf6 29. d5 Bc8 30. dxe6 Bxe6 31. Nd4 Re8 32. Kd2 f4 33. gxf4 g4
34. Rce1 Rce7 35. Nxe6 Rxe6 36. Rxe6+ Rxe6 37. Ra1 Re7 38. Kc3 h5 39. Kd4 Re8
40. Rxa7 h4 41. Rh7 1-0

[Event "5. Nord-West-Cup"]
[Site "?"]
[Date "2003.??.??"]
[Round "6"]
[White "Lammers, Markus"]
[Black "Brandt, Wilhelm"]
[Result "0-1"]
[WhiteElo "2137"]
[BlackElo "1848"]
[PlyCount "144"]

1. d4 Nf6 2. c4 d6 3. Nc3 g6 4. Bf4 Bg7 5. h3 Nbd7 6. Nf3 c6 7. e3 Qa5 8. Be2
e5 9. Bh2 Ne4 10. Qc2 f5 11. O-O O-O 12. Nxe4 fxe4 13. Qxe4 Nf6 14. Qc2 Bf5 15.
Qd2 Qxd2 16. Nxd2 exd4 17. exd4 Rfe8 18. Rfe1 Ne4 19. Nf3 Rad8 20. Bd3 c5 21.
g4 Nd2 22. Nxd2 Bxd3 23. Nb3 Bxc4 24. Rxe8+ Rxe8 25. dxc5 dxc5 26. Rc1 b5 27.
Bd6 Bxb2 28. Rb1 Bc3 29. Bxc5 a6 30. Rc1 Bb2 31. Rd1 Bc3 32. Rd6 Re1+ 33. Kg2
Bf1+ 34. Kf3 a5 35. Be3 Bxh3 36. Bh6 Rg1 37. Nc5 Bxg4+ 38. Kf4 Bf5 39. Nd7 Kf7
40. Ne5+ Bxe5+ 41. Kxe5 Re1+ 42. Be3 h5 43. Rb6 Rb1 44. Rb7+ Ke8 45. Bb6 a4 46.
Kf6 Re1 47. Be3 Rb1 48. Bb6 Re1 49. Be3 Rb1 50. Re7+ Kd8 51. Bb6+ Kc8 52. Rc7+
Kb8 53. Rh7 Rd1 54. Ke5 Rd7 55. Rh8+ Kb7 56. Bc5 Kc6 57. Be3 b4 58. Rc8+ Rc7
59. Ra8 Kb5 60. Bd2 Rb7 61. Kd4 h4 62. Re8 Rd7+ 63. Ke3 Rd3+ 64. Ke2 b3 65.
axb3 axb3 66. Rb8+ Kc5 67. Bg5 h3 68. Be7+ Kc6 69. Bf6 h2 70. Rh8 Rh3 71. Rxh3
Bxh3 72. Be5 h1=Q 0-1

[Event "5. Nord-West-Cup"]
[Site "?"]
[Date "2003.??.??"]
[Round "6"]
[White "Groothoff, Franz"]
[Black "Thamm, Oliver"]
[Result "1-0"]
[WhiteElo "1967"]
[BlackElo "2123"]
[PlyCount "72"]

1. c4 c5 2. Nc3 g6 3. Nf3 Bg7 4. e3 Nf6 5. d4 cxd4 6. exd4 O-O 7. d5 d6 8. Bd3
Nbd7 9. O-O Nc5 10. Bc2 a5 11. Rb1 Bd7 12. h3 Rc8 13. Be3 Na6 14. Bd3 Nb4 15.
Nd4 Nxd3 16. Qxd3 e5 17. dxe6 fxe6 18. Rbd1 d5 19. cxd5 Nxd5 20. Nxd5 exd5 21.
Qd2 b6 22. Bh6 Bxh6 23. Qxh6 Qf6 24. Qd2 Rcd8 25. Rfe1 b5 26. Re3 b4 27. Rf3
Qd6 28. Rxf8+ Rxf8 29. Nb3 a4 30. Nd4 Kg7 31. Nc2 b3 32. axb3 axb3 33. Nd4 Qb6
34. Re1 Kg8 35. Re3 Ra8 36. Nxb3 Bf5 1-0

[Event "5. Nord-West-Cup"]
[Site "?"]
[Date "2003.??.??"]
[Round "6"]
[White "Wichelmann, Martin"]
[Black "Heirich, Andreas"]
[Result "1/2-1/2"]
[WhiteElo "2119"]
[BlackElo "1852"]
[PlyCount "83"]

1. e4 d6 2. d4 Nf6 3. Nc3 g6 4. Nf3 Bg7 5. Be2 O-O 6. O-O c5 7. h3 cxd4 8. Nxd4
Nc6 9. Be3 a6 10. a4 Bd7 11. f4 Nxd4 12. Bxd4 Bc6 13. Bf3 e5 14. fxe5 dxe5 15.
Bc5 Re8 16. Qe2 Qc7 17. Qf2 b5 18. Rad1 Qb7 19. Nd5 Bxd5 20. exd5 e4 21. Be2
Nxd5 22. axb5 axb5 23. Bxb5 e3 24. Qe2 Bxb2 25. c4 Nc3 26. Qxb2 Nxb5 27. Rb1
Qc8 28. Qxb5 Re5 29. Qb7 Qxb7 30. Rxb7 e2 31. Re1 Rxc5 32. Rxe2 Rxc4 33. Ree7
Rf4 34. Kh1 Rf2 35. Rbc7 Raa2 36. Rb7 Ra5 37. Kg1 Raa2 38. Kh1 h5 39. Rbd7 Rxg2
40. Rxf7 Rge2 41. Rg7+ Kf8 42. Rxg6 1/2-1/2

[Event "5. Nord-West-Cup"]
[Site "?"]
[Date "2003.??.??"]
[Round "6"]
[White "Bienhüls, Michael"]
[Black "Behl, Torsten"]
[Result "0-1"]
[WhiteElo "1919"]
[BlackElo "2094"]
[PlyCount "68"]

1. Nf3 Nf6 2. g3 g6 3. Bg2 Bg7 4. O-O d5 5. d3 O-O 6. Nbd2 c6 7. e4 dxe4 8.
dxe4 Bg4 9. h3 Bxf3 10. Qxf3 Nbd7 11. Qe2 e5 12. b3 Re8 13. Bb2 Qc7 14. c4 Rad8
15. Rfd1 Nc5 16. Nf1 Ne6 17. Rac1 Bh6 18. Rxd8 Rxd8 19. Rd1 Rxd1 20. Qxd1 Nc5
21. f4 Nfd7 22. f5 Nf6 23. b4 Ncxe4 24. fxg6 hxg6 25. Qe1 Qb6+ 26. Kh2 Qf2 27.
Qxf2 Nxf2 28. c5 Nd3 29. Bc3 Kf8 30. Nd2 Nd5 31. Bxd5 cxd5 32. Nf3 d4 33. Bd2
Bxd2 34. Nxd2 Nxb4 0-1

[Event "5. Nord-West-Cup"]
[Site "?"]
[Date "2003.??.??"]
[Round "6"]
[White "Hilverda, Alexander"]
[Black "Teixeira, Jose"]
[Result "1-0"]
[WhiteElo "2083"]
[BlackElo "1750"]
[PlyCount "73"]

1. e4 d6 2. d4 Nf6 3. Nc3 c6 4. f4 Qa5 5. Bd3 e5 6. dxe5 dxe5 7. f5 Nbd7 8. Be3
Nc5 9. Qd2 Nxd3+ 10. cxd3 Ng4 11. Nf3 Nxe3 12. Qxe3 f6 13. d4 exd4 14. Nxd4 Bc5
15. O-O-O O-O 16. Qg3 Qb6 17. Na4 Qb4 18. Nxc5 Qxc5+ 19. Kb1 Re8 20. Rhe1 Qe7
21. Qb3+ Kf8 22. g4 c5 23. Nb5 b6 24. Nd6 Rd8 25. e5 fxe5 26. Rxe5 Qf6 27. g5
c4 28. Qxc4 Bxf5+ 29. Rxf5 Qxf5+ 30. Nxf5 Rxd1+ 31. Kc2 Rdd8 32. Qb4+ Kg8 33.
Nd6 Rf8 34. Qc4+ Kh8 35. Nf7+ Kg8 36. Nh6+ Kh8 37. Qg8+ 1-0

[Event "5. Nord-West-Cup"]
[Site "?"]
[Date "2003.??.??"]
[Round "6"]
[White "Haase, Sven"]
[Black "Adam, Detlef"]
[Result "0-1"]
[WhiteElo "1652"]
[BlackElo "2066"]
[PlyCount "74"]

1. e4 d5 2. exd5 Nf6 3. d4 Nxd5 4. Nf3 Bg4 5. Be2 e6 6. O-O Nc6 7. c3 Be7 8.
Ne5 Bxe2 9. Qxe2 O-O 10. f4 Qe8 11. Nd2 Nd8 12. Ne4 f6 13. Nd3 c6 14. Rf3 b6
15. Rg3 Qf7 16. f5 exf5 17. Bh6 fxe4 18. Bxg7 exd3 19. Qe4 Bd6 20. Bxf8+ Bxg3
21. Ba3 Bc7 22. Qxd3 Qg6 23. Qe2 Nf4 24. Qf3 Qxg2+ 25. Qxg2+ Nxg2 26. Kxg2 Kf7
27. Re1 Ne6 28. Re4 Re8 29. Rh4 h5 30. Kf3 Kg6 31. b4 Ng5+ 32. Kf2 Re4 33. Rxe4
Nxe4+ 34. Ke3 Nxc3 35. Kd3 Nd5 36. Ke4 Bxh2 37. b5 Nc3+ 0-1

[Event "5. Nord-West-Cup"]
[Site "?"]
[Date "2003.??.??"]
[Round "6"]
[White "Walter, Stefan"]
[Black "Aßmus, Sven"]
[Result "1-0"]
[WhiteElo "2051"]
[BlackElo "1719"]
[PlyCount "73"]

1. d4 c6 2. c4 d5 3. Nc3 Nf6 4. e3 Bf5 5. cxd5 Nxd5 6. Nge2 e6 7. e4 Nxc3 8.
Nxc3 Bg6 9. Be3 Qb6 10. Qd2 Bb4 11. f3 Qa5 12. Bc4 O-O 13. Kf2 Nd7 14. h4 Nf6
15. Bg5 c5 16. Bxf6 gxf6 17. d5 b5 18. h5 Bxe4 19. fxe4 bxc4 20. Rh3 Qd8 21.
Qh6 Kh8 22. Rd1 Bxc3 23. Rxc3 Rg8 24. Rxc4 e5 25. d6 Rc8 26. b4 Rb8 27. bxc5
Rg5 28. Rd2 f5 29. d7 Rg4 30. Rc1 Qh4+ 31. Kg1 Rxe4 32. Rf1 Rf4 33. Rxf4 exf4
34. Rd1 f3 35. Qd2 Kg7 36. Qd4+ Qxd4+ 37. Rxd4 1-0

[Event "5. Nord-West-Cup"]
[Site "?"]
[Date "2003.??.??"]
[Round "6"]
[White "Giese, Stefan"]
[Black "Park, Heiko"]
[Result "0-1"]
[WhiteElo "1829"]
[BlackElo "2034"]
[PlyCount "72"]

1. d4 f5 2. Nf3 g6 3. g3 Bg7 4. Bg2 Nf6 5. O-O O-O 6. c3 c6 7. Bg5 d6 8. Qb3+
d5 9. Bxf6 Bxf6 10. Nbd2 Qb6 11. Qc2 Nd7 12. e3 e5 13. dxe5 Nxe5 14. Nxe5 Bxe5
15. Nf3 Bf6 16. Rfd1 Be6 17. a4 a5 18. Nd4 Bxd4 19. cxd4 Qb4 20. Rd3 Rfb8 21.
Rb3 Qd6 22. Bf1 Kf7 23. Bd3 Bd7 24. Rb6 Qc7 25. Qb3 Ke7 26. Rc1 Be6 27. h4 h6
28. Kg2 Kf6 29. Be2 Kg7 30. Bf3 Kf6 31. Rc3 Kg7 32. Rb5 b6 33. Rc1 Qb7 34. Qa3
cxb5 35. Qd6 Rc8 36. Rxc8 Qxc8 0-1

[Event "5. Nord-West-Cup"]
[Site "?"]
[Date "2003.??.??"]
[Round "6"]
[White "Köhne, Arno"]
[Black "Lammers, Philipp"]
[Result "1/2-1/2"]
[WhiteElo "2030"]
[BlackElo "1657"]
[PlyCount "53"]

1. d4 Nf6 2. c4 e6 3. Nf3 b6 4. g3 Ba6 5. b3 Bb4+ 6. Bd2 Be7 7. Bg2 c6 8. Bc3
d5 9. Ne5 Nfd7 10. Nxd7 Nxd7 11. Nd2 O-O 12. O-O f5 13. e3 Rc8 14. Rc1 Nf6 15.
Bb2 Ne4 16. f3 Nf6 17. Re1 Qe8 18. e4 fxe4 19. fxe4 Qf7 20. Rf1 Qg6 21. Qe2
Rcd8 22. Bf3 Qh6 23. e5 Nd7 24. Bh5 Rxf1+ 25. Rxf1 Rf8 26. Rxf8+ Nxf8 27. Bc3
1/2-1/2

[Event "5. Nord-West-Cup"]
[Site "?"]
[Date "2003.??.??"]
[Round "6"]
[White "Boss, Igor"]
[Black "Segelken, Peter"]
[Result "1-0"]
[WhiteElo "1806"]
[BlackElo "2009"]
[PlyCount "57"]

1. d4 d5 2. c4 e6 3. Nc3 Nf6 4. cxd5 exd5 5. Bg5 Be7 6. e3 O-O 7. Bd3 h6 8. Bh4
c6 9. Nge2 Nh7 10. Bg3 Ng5 11. Qc2 Nd7 12. O-O-O b5 13. f4 Ne6 14. f5 Nc7 15.
Bxc7 Qxc7 16. Nxd5 Qd6 17. Nxe7+ Qxe7 18. Qxc6 Qxe3+ 19. Kb1 Nb6 20. Rhe1 Bd7
21. Qd6 Qg5 22. h4 Qg4 23. f6 g6 24. h5 Qxh5 25. Rh1 Qg5 26. Ng3 Rad8 27. Ne4
Qe3 28. Rhe1 Bg4 29. Qh2 1-0

[Event "5. Nord-West-Cup"]
[Site "?"]
[Date "2003.??.??"]
[Round "6"]
[White "Rychlik, Kurt"]
[Black "Strunski, Andreas"]
[Result "1-0"]
[WhiteElo "2058"]
[BlackElo "1642"]
[PlyCount "43"]

1. d4 Nf6 2. c4 g6 3. Nc3 Bg7 4. e4 d6 5. Be2 O-O 6. Bg5 h6 7. Be3 e5 8. d5
Nbd7 9. Qd2 Kh7 10. g4 Ne8 11. h4 f5 12. exf5 gxf5 13. gxf5 Ndf6 14. Bd3 Qe7
15. f3 Qf7 16. O-O-O Qh5 17. Nh3 Bxf5 18. Ng5+ Kg8 19. Bxf5 hxg5 20. Be6+ Rf7
21. hxg5 Qg6 22. gxf6 1-0

[Event "5. Nord-West-Cup"]
[Site "?"]
[Date "2003.??.??"]
[Round "6"]
[White "Hrkac, Daniel"]
[Black "Lange, Detlef"]
[Result "0-1"]
[WhiteElo "1859"]
[BlackElo "1630"]
[PlyCount "56"]

1. d4 e6 2. c4 Nf6 3. Nf3 b6 4. e3 Bb7 5. Be2 Ne4 6. O-O Be7 7. Qc2 d6 8. Nbd2
f5 9. Bd3 Ng5 10. Nxg5 Bxg5 11. d5 Bf6 12. dxe6 g6 13. e4 Nc6 14. exf5 Nd4 15.
Qd1 Qe7 16. fxg6 O-O-O 17. gxh7 Rxh7 18. Bxh7 Qxh7 19. f4 Rh8 20. Nf3 Nxf3+ 21.
Rxf3 Qxh2+ 22. Kf2 Bh4+ 23. Ke3 Rg8 24. Qf1 Rxg2 25. e7 Kd7 26. f5 Qe5+ 27. Kd3
Be4+ 28. Ke3 Bc2# 0-1

[Event "5. Nord-West-Cup"]
[Site "?"]
[Date "2003.??.??"]
[Round "6"]
[White "Sturm, Tobias"]
[Black "Brinkmann, Martin"]
[Result "1/2-1/2"]
[WhiteElo "1848"]
[BlackElo "1622"]
[PlyCount "81"]

1. e4 c5 2. c3 d5 3. exd5 Qxd5 4. d4 cxd4 5. cxd4 Nc6 6. Nf3 Bg4 7. Nc3 Qa5 8.
Be3 Nf6 9. Bb5 a6 10. Be2 e6 11. O-O Be7 12. Qb3 Qb4 13. Qxb4 Nxb4 14. a3 Nbd5
15. Rac1 O-O 16. h3 Bh5 17. Bd1 Rac8 18. Nxd5 Nxd5 19. Be2 b5 20. Rfd1 Rfd8 21.
Kf1 h6 22. Ne5 Bxe2+ 23. Kxe2 Bf6 24. Nd3 h5 25. Rc5 Be7 26. Rxc8 Rxc8 27. Rc1
Rxc1 28. Bxc1 b4 29. Nc5 bxa3 30. bxa3 a5 31. Nb7 a4 32. Nc5 Nb6 33. Kd3 e5 34.
Be3 Bf6 35. d5 Nxd5 36. Nxa4 Nxe3 37. Kxe3 Be7 38. Ke4 f6 39. f4 exf4 40. Kxf4
Bxa3 41. g4 1/2-1/2

[Event "5. Nord-West-Cup"]
[Site "?"]
[Date "2003.??.??"]
[Round "6"]
[White "Janzen, Christian"]
[Black "Petzold, Golo"]
[Result "0-1"]
[WhiteElo "1616"]
[BlackElo "1824"]
[PlyCount "80"]

1. d4 Nf6 2. e3 d5 3. c4 c6 4. Nc3 e6 5. Nf3 Bd6 6. a3 O-O 7. Qc2 Nbd7 8. b3
Re8 9. Bb2 a6 10. c5 Bc7 11. b4 e5 12. Ne2 e4 13. Nd2 Ng4 14. Ng3 Qh4 15. Be2
Nxe3 16. fxe3 Bxg3+ 17. Kd1 Qh6 18. Nf1 Bc7 19. Bc3 f5 20. g3 Nf6 21. Be1 Be6
22. Kc1 Bf7 23. Kb2 Bh5 24. Bxh5 Qxh5 25. Qg2 Qg6 26. Rc1 f4 27. Rc2 fxe3 28.
Nxe3 Ng4 29. Qe2 Nxe3 30. Qxe3 Rf8 31. Rf2 Rxf2+ 32. Qxf2 Rf8 33. Qe2 Qf5 34.
Rg1 Qf3 35. Rg2 Qxe2+ 36. Rxe2 Rf3 37. Bf2 Bd8 38. Be3 Bf6 39. Kc2 Kf7 40. Re1
Kg6 0-1

[Event "5. Nord-West-Cup"]
[Site "?"]
[Date "2003.??.??"]
[Round "6"]
[White "Ungar, Benedict"]
[Black "Hammer, Klaus"]
[Result "1/2-1/2"]
[WhiteElo "1590"]
[BlackElo "1803"]
[PlyCount "81"]

1. Nf3 e6 2. c4 Nf6 3. b3 d5 4. Bb2 Bd6 5. g3 O-O 6. Bg2 c6 7. O-O Nbd7 8. d3
Qe7 9. Nbd2 a5 10. Re1 b6 11. e4 Ba3 12. Qc2 Ba6 13. Nd4 Rac8 14. exd5 cxd5 15.
Nf5 Qb4 16. Bc3 Qc5 17. b4 axb4 18. Bd4 Qc7 19. Ne7+ Kh8 20. Nxc8 Rxc8 21. Bb2
dxc4 22. dxc4 Bxb2 23. Qxb2 Nc5 24. Bf1 Bb7 25. Qc2 Ng4 26. f3 Ne5 27. Re3 Rd8
28. Rae1 Rxd2 29. Qxd2 Nxf3+ 30. Rxf3 Bxf3 31. Bg2 Bxg2 32. Kxg2 Qc6+ 33. Kg1
h6 34. Qxb4 Nd3 35. Qf8+ Kh7 36. Rd1 Qf3 37. Rf1 Qe3+ 38. Kg2 f5 39. Qa8 Qe2+
40. Kg1 Qe3+ 41. Kg2 1/2-1/2

[Event "5. Nord-West-Cup"]
[Site "?"]
[Date "2003.??.??"]
[Round "6"]
[White "Niemann, Heinrich"]
[Black "Szyszka, Arkadi"]
[Result "0-1"]
[WhiteElo "1586"]
[BlackElo "1772"]
[PlyCount "180"]

1. e4 c5 2. Bc4 e6 3. Nc3 Nc6 4. d3 Nf6 5. Bg5 Be7 6. Nge2 O-O 7. O-O a6 8. a4
Qc7 9. f4 Ng4 10. Bxe7 Nxe7 11. Qd2 f5 12. e5 d6 13. h3 Nh6 14. exd6 Qxd6 15.
Rae1 Nc6 16. Ng3 Kh8 17. Re2 Nd4 18. Re3 Bd7 19. Nge2 b5 20. Bb3 c4 21. Nxd4
Qxd4 22. Ne2 Qd6 23. Ba2 Bc6 24. d4 Rad8 25. axb5 axb5 26. c3 Ng8 27. b3 Bd5
28. bxc4 bxc4 29. Nc1 Nf6 30. Bb1 Rb8 31. Na2 Be4 32. Nb4 Bxb1 33. Rxb1 Ne4 34.
Qe2 Nxc3 35. Rxc3 Rxb4 36. Rxb4 Qxb4 37. Rxc4 Qb1+ 38. Kh2 Qb8 39. Qe5 Qxe5 40.
dxe5 h6 41. h4 Rf7 42. Kg3 Kh7 43. Kf3 Kg6 44. g3 Kh5 45. Rc6 Re7 46. Rd6 g5
47. hxg5 hxg5 48. Rc6 Kg6 49. Rd6 gxf4 50. gxf4 Kh5 51. Rc6 Ra7 52. Rxe6 Ra3+
53. Kf2 Kg4 54. Rf6 Kxf4 55. e6 Ra2+ 56. Ke1 Ra4 57. Kf2 Re4 58. Rg6 Re5 59.
Rh6 Kg5 60. Rh8 Rxe6 61. Kf3 Re7 62. Rg8+ Kf6 63. Rf8+ Ke5 64. Ra8 Rb7 65. Ra5+
Kf6 66. Ra6+ Kg5 67. Ra3 Rh7 68. Ra8 Rh3+ 69. Kg2 Rb3 70. Rg8+ Kf4 71. Ra8 Rb2+
72. Kf1 Kf3 73. Ra3+ Kg4 74. Ra4+ f4 75. Ra8 Kg3 76. Rg8+ Kf3 77. Ke1 Rb1+ 78.
Kd2 Kf2 79. Rg7 Rb8 80. Rd7 f3 81. Rd6 Re8 82. Rd7 Kf1 83. Rd6 f2 84. Rd7 Rf8
85. Rg7 Rd8+ 86. Kc2 Rh8 87. Kd2 Rh2 88. Ra7 Kg1 89. Rg7+ Rg2 90. Rxg2+ Kxg2
0-1

[Event "5. Nord-West-Cup"]
[Site "?"]
[Date "2003.??.??"]
[Round "6"]
[White "Meyer, Eric"]
[Black "Campe, Uwe"]
[Result "0-1"]
[WhiteElo "1568"]
[BlackElo "1765"]
[PlyCount "82"]

1. e4 e5 2. Nf3 Nf6 3. Bc4 Nc6 4. d3 Be7 5. O-O O-O 6. h3 d6 7. c3 a6 8. a4 Be6
9. Bxe6 fxe6 10. Qb3 Qd7 11. Ng5 d5 12. Re1 Nh5 13. Be3 Nf4 14. Bxf4 exf4 15.
Nf3 Na5 16. Qa2 c5 17. exd5 exd5 18. Nbd2 Nc6 19. Ne5 Qd6 20. Nxc6 bxc6 21. Re2
Bf6 22. Ne4 Qc7 23. Nxc5 Qf7 24. Ree1 Bh4 25. b4 f3 26. g4 h5 27. gxh5 Qf5 28.
Kh2 Qf4+ 29. Kh1 Qf5 30. Kh2 Rf6 31. Rg1 Bg5 32. Rg3 Bf4 33. Rag1 Rh6 34. Kh1
Bxg3 35. Rxg3 Rxh5 36. Kh2 Kf7 37. Qb1 Rah8 38. Qf1 Qe5 39. d4 Rxh3+ 40. Qxh3
Rxh3+ 41. Kxh3 Qh5# 0-1

[Event "5. Nord-West-Cup"]
[Site "?"]
[Date "2003.??.??"]
[Round "6"]
[White "Schallück, Hans-Christian"]
[Black "Kohlmann, Christian"]
[Result "0-1"]
[WhiteElo "1567"]
[BlackElo "1719"]
[PlyCount "66"]

1. e4 c5 2. c3 d6 3. d4 cxd4 4. cxd4 a6 5. Nf3 Nf6 6. Nc3 e6 7. Be2 Be7 8. O-O
O-O 9. h3 b5 10. a3 Bb7 11. Qc2 Qc7 12. Bd3 Rc8 13. Be3 Nc6 14. Rfc1 Na5 15.
Qd1 Qd8 16. Nd2 Nc4 17. Nxc4 bxc4 18. Bc2 Rab8 19. Rab1 Ba8 20. Qe2 d5 21. e5
Nd7 22. Qh5 g6 23. Qf3 Nxe5 24. dxe5 d4 25. Ne4 dxe3 26. Qxe3 Bxe4 27. Qxe4 Qd5
28. Rd1 Qxe4 29. Bxe4 Rd8 30. Bc2 Rxd1+ 31. Kh2 Rxb1 32. Bxb1 Rxb2 33. Be4 c3
0-1

[Event "5. Nord-West-Cup"]
[Site "?"]
[Date "2003.??.??"]
[Round "6"]
[White "Merettig, Georg"]
[Black "Otte, Klaus"]
[Result "1/2-1/2"]
[WhiteElo "1688"]
[BlackElo "1541"]
[PlyCount "79"]

1. Nf3 Nf6 2. c4 Nc6 3. g3 b6 4. Bg2 Bb7 5. O-O g6 6. b3 Bg7 7. Bb2 O-O 8. d4
e6 9. Nbd2 Ne7 10. Qc2 c5 11. dxc5 bxc5 12. Rad1 a5 13. e4 a4 14. e5 Ng4 15. h3
Nh6 16. Ne4 Bxe4 17. Qxe4 axb3 18. axb3 Ra2 19. Rd2 d5 20. exd6 Rxb2 21. dxe7
Qxe7 22. Rxb2 Bxb2 23. g4 f5 24. gxf5 Nxf5 25. Re1 Nd4 26. h4 Qf6 27. Nxd4
Qxf2+ 28. Kh1 Bxd4 29. Qxe6+ Kh8 30. Qe7 Rf7 31. Qd8+ Kg7 32. Rf1 Bf6 33. Rxf2
Bxd8 34. Rxf7+ Kxf7 35. h5 g5 36. Be4 h6 37. Kg2 Kf6 38. Kf3 Ke5 39. Bc6 Ba5
40. Kg4 1/2-1/2

[Event "5. Nord-West-Cup"]
[Site "?"]
[Date "2003.??.??"]
[Round "6"]
[White "Bruckmann, Thomas"]
[Black "Weller, Friedhelm"]
[Result "1-0"]
[WhiteElo "1415"]
[BlackElo "1672"]
[PlyCount "88"]

1. Nf3 Nf6 2. g3 d5 3. Bg2 Nbd7 4. d4 e6 5. c3 Nb6 6. Bg5 Be7 7. Bxf6 Bxf6 8.
Nbd2 O-O 9. O-O c6 10. Re1 Kh8 11. e4 Be7 12. exd5 Nxd5 13. Qc2 a5 14. Rad1 b6
15. Ne5 Qc7 16. a3 Bb7 17. Ndf3 Rac8 18. c4 Nf6 19. Ng5 Bd6 20. Ng4 Ne4 21.
Bxe4 f5 22. Nxe6 Qf7 23. Nxf8 Rxf8 24. Bxf5 Qxf5 25. Qxf5 Rxf5 26. Re8+ Bf8 27.
Rde1 h5 28. Ne5 Kh7 29. Rb8 c5 30. Rxb7 cxd4 31. Nd3 Rf3 32. Rd1 Rf6 33. Kg2
Kh6 34. Re1 Rc6 35. Rc1 Bd6 36. b4 axb4 37. axb4 Bf8 38. c5 bxc5 39. bxc5 g6
40. h4 Bg7 41. Ra1 Rc8 42. Raa7 Rg8 43. c6 g5 44. hxg5+ Kg6 1-0

[Event "5. Nord-West-Cup"]
[Site "?"]
[Date "2003.??.??"]
[Round "6"]
[White "Carstens, Manfred"]
[Black "Frenzel, Klaus-Dieter"]
[Result "1/2-1/2"]
[WhiteElo "1669"]
[BlackElo "1301"]
[PlyCount "97"]

1. Nf3 Nf6 2. d4 d6 3. c4 g6 4. Nc3 Bg7 5. e4 O-O 6. Be2 c5 7. d5 b5 8. cxb5 a6
9. bxa6 Qa5 10. Bd2 Bxa6 11. O-O Qb4 12. Bxa6 Nxa6 13. Qc2 Rfb8 14. Rfb1 c4 15.
Nd4 Qc5 16. Nc6 Nb4 17. Nxb4 Qxb4 18. Ne2 Qc5 19. Be3 Qc7 20. Nd4 Ng4 21. Nc6
Nxe3 22. fxe3 Rb7 23. a4 Qb6 24. Qxc4 Qxe3+ 25. Kh1 Bf6 26. a5 Rb3 27. a6 Rxb2
28. Rxb2 Bxb2 29. Rb1 Kf8 30. h3 Qa3 31. a7 Kg7 32. Qc2 Be5 33. Qb3 Rxa7 34.
Nxa7 Qxa7 35. Qf3 Qa2 36. Rf1 f6 37. Qg4 Qb3 38. Qe6 Qg3 39. Qxe7+ Kg8 40. Qe8+
Kg7 41. Qe7+ Kh6 42. Qf8+ Kh5 43. Rf5+ gxf5 44. Qf7+ Qg6 45. g4+ Kh4 46. Qa7
fxg4 47. Qe3 gxh3 48. Qxh3+ Kg5 49. Qh4+ 1/2-1/2

[Event "5. Nord-West-Cup"]
[Site "?"]
[Date "2003.??.??"]
[Round "6"]
[White "Hoppe, Dieter"]
[Black "Titze, Karsten"]
[Result "0-1"]
[WhiteElo "1389"]
[BlackElo "1940"]
[PlyCount "62"]

1. d4 Nf6 2. c4 c5 3. d5 b5 4. b3 d6 5. Bb2 e6 6. e3 Bb7 7. dxe6 fxe6 8. Nf3
Be7 9. Be2 O-O 10. Nbd2 bxc4 11. bxc4 Nc6 12. O-O Ne8 13. a3 Bf6 14. Rb1 Rb8
15. Qc2 Bxb2 16. Rxb2 Ba8 17. Rxb8 Nxb8 18. Bd3 g6 19. e4 e5 20. g3 Ng7 21. Nh4
Nc6 22. Nhf3 Ne6 23. Qd1 Qa5 24. Qc1 Ncd4 25. Nxd4 Nxd4 26. Kg2 Bc6 27. f4 Rb8
28. fxe5 dxe5 29. g4 Nb3 30. Nxb3 Rxb3 31. Qh6 Qd8 0-1

[Event "5. Nord-West-Cup"]
[Site "?"]
[Date "2003.??.??"]
[Round "6"]
[White "Eickelkamp, Jan-Hendrik"]
[Black "Zotin, Vladimir"]
[Result "1-0"]
[WhiteElo "1572"]
[BlackElo "2051"]
[PlyCount "83"]

1. d4 g6 2. c4 Bg7 3. Nc3 c5 4. Nf3 cxd4 5. Nxd4 b6 6. e4 Bb7 7. Be3 d6 8. g3
Nd7 9. Bg2 Ngf6 10. O-O O-O 11. e5 Bxg2 12. exf6 Bxf1 13. fxg7 Kxg7 14. Kxf1
Rc8 15. Qg4 e6 16. Rd1 h5 17. Qf4 Ne5 18. Qh6+ Kg8 19. Bg5 Ng4 20. Nxe6 Nxh6
21. Nxd8 Nf5 22. Bf6 Rfxd8 23. Bxd8 Rxd8 24. Re1 Kf8 25. f4 Rd7 26. Nd5 Rb7 27.
a4 a6 28. Nc3 Rd7 29. Nd5 Rb7 30. Nc3 Rc7 31. Re4 Ne7 32. Rd4 Nf5 33. Re4 Rxc4
34. Rxc4 Ne3+ 35. Ke2 Nxc4 36. b3 Na5 37. b4 Nc6 38. b5 axb5 39. axb5 Ke7 40.
bxc6 d5 41. Nxd5+ Kd6 42. c7 1-0